000 00651cam a22002173a 4500
001 35849
003 PGUSA
005 20140828083754.0
008 110413s2011||||xxu|||||s|||||000 | eng d
040 _aPGUSA
_beng
042 _adc
100 1 _aReuter, Fritz,
_d1810-1874
245 1 3 _aAn Old Story of My Farming Days Vol. I (of III). :
_b(Ut Mine Stromtid)
_h[electronic resource] /
_cFritz Reuter
260 _bProject Gutenberg,
_c2011
506 _aPublic domain in the USA.
516 _aElectronic text
700 1 _aMacDowall, M. W.
830 0 _aProject Gutenberg
_v35849
856 4 0 _uhttp://www.gutenberg.org/ebooks/35849
942 _cEB
999 _c265104
_d265104